000 01368nam a2200349Ia 4500
001 ebr10197024
003 CaPaEBR
006 m u
007 cr cn|||||||||
008 060616s2006 enk sb 001 0 eng d
020 _z9780335220625 (cased) :
020 _z0335220622 (cased) :
020 _z9780335220618 (pbk.) :
020 _z0335220614 (pbk.) :
040 _aCaPaEBR
_cCaPaEBR
035 _a(OCoLC)560414483
050 1 4 _aHD30.4
_b.B58 2006eb
082 0 4 _a658.407124
_222
100 1 _aBluckert, Peter.
245 1 0 _aPsychological dimensions of executive coaching
_h[electronic resource] /
_cPeter Bluckert.
260 _aMaidenhead :
_bOpen University Press,
_c2006.
300 _axv, 156 p.
490 1 _aCoaching in practice series
504 _aIncludes bibliographical references and index.
533 _aElectronic reproduction.
_bPalo Alto, Calif. :
_cebrary,
_d2009.
_nAvailable via World Wide Web.
_nAccess may be limited to ebrary affiliated libraries.
650 0 _aExecutive coaching
_xPsychological aspects.
650 0 _aEmployees
_xCoaching of
_xPsychological aspects.
655 7 _aElectronic books.
_2local
710 2 _aebrary, Inc.
830 0 _aCoaching in practice series.
856 4 0 _uhttp://site.ebrary.com/lib/rucke/Doc?id=10197024
_zAn electronic book accessible through the World Wide Web; click to view
999 _c219237
_d219237